Szczegóły MARC21

Acta Universitatis Wratislaviensis. Prace Filozoficzne.

001 -Numer kontrolny rekordu [,]
    • @
    • pole kontrolne
    • ee95400795
005 -Data i czas ostatniej zmiany [,]
    • @
    • Data ostatniej zmiany
    • 20250807135308.0
022 -Międzynarodowy Znormalizowany Numer Wydawnictwa Ciągłego - ISSN [ , ]
    • a
    • International Standard Serial Number
    • 0524-4528
035 -Inne numery kontrolne [ , ]
    • a
    • Numer kontrolny
    • (OCoLC)839157740
040 -Instytucja sporządzająca opis [ , ]
    • a
    • Instytucja, która sporządziła opis (NP)
    • WR U/IZ
    • c
    • Instytucja, która sporządziła rekord (NP)
    • WR U/IZ
    • d
    • Instytucja, która zmodyfikowała rekord (P)
    • WR U/JŁ
    • d
    • Instytucja, która zmodyfikowała rekord (P)
    • SIEDL 001/EC
    • d
    • Instytucja, która zmodyfikowała rekord (P)
    • CZĘST 010/AB
041 -Język dokumentu [0, ]
    • a
    • Język tekstu (P)
    • polski
    • b
    • Język streszczeń(P)
    • eng
    • b
    • Język streszczeń(P)
    • rus
942 -Rodzaj dokumentu [ , ]
    • c
    • Rodzaj dokumentu
    • Wydaw. ciągłe w tym czasopisma
998 -Inne dane NUKAT [ , ]
    • a
    • Numer systemowy
    • vtls000029380
210 -Skrót tytułu [1, ]
    • a
    • Skrót tytułu
    • Acta Univ. Wratisl., Pr. Filoz.
222 -Tytuł kluczowy [ ,0]
    • a
    • Tytuł kluczowy
    • Acta Universitatis Wratislaviensis. Prace Filozoficzne
245 -Strefa tytułu i oznaczenia odpowiedzialności [0,0]
    • a
    • Tytuł
    • Acta Universitatis Wratislaviensis.
    • p
    • Nazwa części (P)
    • Prace Filozoficzne.
246 -Wariant tytułu [1,3]
    • a
    • Tytuł (NP)
    • Prace Filozoficzne
260 -Strefa adresu wydawniczego [ , ]
    • a
    • Miejsce wydania (P)
    • Wrocław :
    • b
    • Nazwa wydawcy (P)
    • Państwowe Wydawnictwo Naukowe,
    • c
    • Data wydania (P)
    • 1964-1992.
830 -Hasło dodatkowe serii i opisu książki wielotomowej - tytuł ujednolicony/tytuł [ ,0]
    • a
    • Tytuł ujednolicony/tytuł (NP)
    • Acta Universitatis Wratislaviensis
    • x
    • ISSN
    • 0239-6661
300 -Strefa opisu fizycznego [ , ]
    • c
    • Format (NP)
    • 24 cm.
310 -Częstotliwość [ , ]
    • a
    • Częstotliwość
    • Rocznik
336 -Typ zawartości [ , ]
    • a
    • Termin opisujący typ zawartości
    • Tekst
    • b
    • Typ/rodzaj nośnika
    • txt
    • 2
    • Źródło (termin i kod)
    • rdacontent
337 -Typ mediów [ , ]
    • a
    • Tryb odtwarzania
    • Bez urządzenia pośredniczącego
    • b
    • Kod typu mediów
    • n
    • 2
    • Źródło (termin i kod)
    • rdamedia
338 -Typ/rodzaj nośnika [ , ]
    • a
    • Hasło opisujące typ nośnika
    • Wolumin
    • b
    • Kod typu nośnika
    • nc
    • 2
    • Źródło (termin i kod)
    • rdacarrier
362 -Strefa numeracji [0, ]
    • a
    • Strefa numeracji
    • 2 (1964)-71 (1992).
490 -Strefa serii i książki wielotomowej - forma nie do wyszukiwania [1, ]
    • a
    • Tytuł (P)
    • Acta Universitatis Wratislaviensis
500 -Uwaga ogólna [ , ]
    • a
    • Uwaga ogólna (NP)
    • T.2 oznaczony w zbiorze ogólnym Acta Universitatis Wratislaviensis jako No 21.
515 -Uwaga dot. numeracji [ , ]
    • a
    • Odstępstwa w numeracji
    • Czasopismo kontynuuje numerację wydawnictwa pod tytułem "Zeszyty Naukowe, Seria A. Nauki Społeczne. Prace Filozoficzne".
546 -Uwaga dot. języka [ , ]
    • a
    • Uwaga dot. języka
    • Tekst w języku polskim. Streszczenie w języku angielskim, rosyjskim.
650 -Hasło przedmiotowe - nazwa pospolita [ ,7]
    • a
    • Hasło przedmiotowe
    • Filozofia
655 -INDEX TERM--GENRE/FORM [ ,7]
    • a
    • Genre/form data or focus term
    • Czasopismo polskie
655 -INDEX TERM--GENRE/FORM [ ,7]
    • a
    • Genre/form data or focus term
    • Czasopismo naukowe
655 -INDEX TERM--GENRE/FORM [ ,7]
    • a
    • Genre/form data or focus term
    • Czasopismo filozoficzne
710 -Hasło dodatkowe - nazwa ciała zbiorowego [2, ]
    • a
    • Nazwa ciała zbiorowego lub nazwa geograficzna jako pierwszy element (NP)
    • Uniwersytet Wrocławski.
710 -Hasło dodatkowe - nazwa ciała zbiorowego [2, ]
    • a
    • Nazwa ciała zbiorowego lub nazwa geograficzna jako pierwszy element (NP)
    • Państwowe Wydawnictwo Naukowe (1951-1992).
    • 4
    • Określenie rodzaju współpracy
    • pbl
780 -Tytuł poprzedni wydawnictwa [0,0]
    • t
    • Title
    • Zeszyty Naukowe. Seria A, Nauki Społeczne. Prace Filozoficzne
    • g
    • Relationship information
    • 1961
    • w
    • Record control number
    • (NUKAT)ee95400782
785 -Tytuł następny wydawnictwa [0,2]
    • t
    • Title
    • Acta Universitatis Wratislaviensis. Filozofia
    • g
    • Relationship information
    • 1992
    • w
    • Record control number
    • (NUKAT)ee95400747
952 -Egzemplarz [ , ]
    • c
    • Sygnatura
    • Cg.59 (p.202)
    • d
    • Lokalizacja
    • BG Dział Udostępniania Biblioteka Główna
    • i
    • Nr tomu wydaw.cg
    • 56 (1989).
    • y
    • Status udostępniania
    • Tylko na miejscu
952 -Egzemplarz [ , ]
    • c
    • Sygnatura
    • Fc.35
    • d
    • Lokalizacja
    • BNS Biblioteka Humanistyczna i Nauk Społecznych
    • i
    • Nr tomu wydaw.cg
    • 56 (1989)
    • y
    • Status udostępniania
    • Tylko na miejscu
952 -Egzemplarz [ , ]
    • c
    • Sygnatura
    • SAc.505
    • d
    • Lokalizacja
    • BSA Biblioteka Wydziału Prawa i Administracji im. prof. Stanisława Czepity
    • i
    • Nr tomu wydaw.cg
    • 39 (1984).
    • y
    • Status udostępniania
    • Tylko na miejscu
952 -Egzemplarz [ , ]
    • c
    • Sygnatura
    • Fc.35
    • d
    • Lokalizacja
    • BNS Biblioteka Humanistyczna i Nauk Społecznych
    • i
    • Nr tomu wydaw.cg
    • 66 (1991)
    • y
    • Status udostępniania
    • Tylko na miejscu
952 -Egzemplarz [ , ]
    • c
    • Sygnatura
    • Fc.35
    • d
    • Lokalizacja
    • BNS Biblioteka Humanistyczna i Nauk Społecznych
    • i
    • Nr tomu wydaw.cg
    • 45 (1985)
    • y
    • Status udostępniania
    • Tylko na miejscu
952 -Egzemplarz [ , ]
    • a
    • Numer inwentarzowy
    • Hc.5684
    • c
    • Sygnatura
    • Fc.35
    • d
    • Lokalizacja
    • BNS Biblioteka Humanistyczna i Nauk Społecznych
    • i
    • Nr tomu wydaw.cg
    • 1 (1961)
    • p
    • Kod kreskowy
    • 2003500056841
    • y
    • Status udostępniania
    • Tylko na miejscu
952 -Egzemplarz [ , ]
    • a
    • Numer inwentarzowy
    • Hc.5685
    • c
    • Sygnatura
    • Fc.35
    • d
    • Lokalizacja
    • BNS Biblioteka Humanistyczna i Nauk Społecznych
    • i
    • Nr tomu wydaw.cg
    • 7 (1971)
    • p
    • Kod kreskowy
    • 2003500056858
    • y
    • Status udostępniania
    • Tylko na miejscu
952 -Egzemplarz [ , ]
    • a
    • Numer inwentarzowy
    • Hc.5686
    • c
    • Sygnatura
    • Fc.35
    • d
    • Lokalizacja
    • BNS Biblioteka Humanistyczna i Nauk Społecznych
    • i
    • Nr tomu wydaw.cg
    • 9 (1971)
    • p
    • Kod kreskowy
    • 2003500056865
    • y
    • Status udostępniania
    • Tylko na miejscu
952 -Egzemplarz [ , ]
    • a
    • Numer inwentarzowy
    • Hc.5687
    • c
    • Sygnatura
    • Fc.35
    • d
    • Lokalizacja
    • BNS Biblioteka Humanistyczna i Nauk Społecznych
    • i
    • Nr tomu wydaw.cg
    • 10 (1972)
    • p
    • Kod kreskowy
    • 2003500056872
    • y
    • Status udostępniania
    • Tylko na miejscu
952 -Egzemplarz [ , ]
    • a
    • Numer inwentarzowy
    • Hc.5688
    • c
    • Sygnatura
    • Fc.35
    • d
    • Lokalizacja
    • BNS Biblioteka Humanistyczna i Nauk Społecznych
    • i
    • Nr tomu wydaw.cg
    • 11 (1973)
    • p
    • Kod kreskowy
    • 2003500056889
    • y
    • Status udostępniania
    • Tylko na miejscu
952 -Egzemplarz [ , ]
    • a
    • Numer inwentarzowy
    • Hc.5689
    • c
    • Sygnatura
    • Fc.35
    • d
    • Lokalizacja
    • BNS Biblioteka Humanistyczna i Nauk Społecznych
    • i
    • Nr tomu wydaw.cg
    • 13 (1973)
    • p
    • Kod kreskowy
    • 2003500056896
    • y
    • Status udostępniania
    • Tylko na miejscu
952 -Egzemplarz [ , ]
    • a
    • Numer inwentarzowy
    • Hc.5690
    • c
    • Sygnatura
    • Fc.35
    • d
    • Lokalizacja
    • BNS Biblioteka Humanistyczna i Nauk Społecznych
    • i
    • Nr tomu wydaw.cg
    • 14 (1974)
    • p
    • Kod kreskowy
    • 2003500056902
    • y
    • Status udostępniania
    • Tylko na miejscu
952 -Egzemplarz [ , ]
    • a
    • Numer inwentarzowy
    • F.15152
    • c
    • Sygnatura
    • Fc.35
    • d
    • Lokalizacja
    • BNS Biblioteka Humanistyczna i Nauk Społecznych
    • i
    • Nr tomu wydaw.cg
    • 16 (1981)
    • p
    • Kod kreskowy
    • 2002500151525
    • y
    • Status udostępniania
    • Tylko na miejscu
952 -Egzemplarz [ , ]
    • a
    • Numer inwentarzowy
    • F.4309
    • c
    • Sygnatura
    • Fc.35
    • d
    • Lokalizacja
    • BNS Biblioteka Humanistyczna i Nauk Społecznych
    • i
    • Nr tomu wydaw.cg
    • 17 (1977)
    • p
    • Kod kreskowy
    • 2002500043097
    • y
    • Status udostępniania
    • Tylko na miejscu
952 -Egzemplarz [ , ]
    • a
    • Numer inwentarzowy
    • F.8641
    • c
    • Sygnatura
    • Fc.35
    • d
    • Lokalizacja
    • BNS Biblioteka Humanistyczna i Nauk Społecznych
    • i
    • Nr tomu wydaw.cg
    • 23 (1978)
    • p
    • Kod kreskowy
    • 2002500086414
    • y
    • Status udostępniania
    • Tylko na miejscu
952 -Egzemplarz [ , ]
    • a
    • Numer inwentarzowy
    • Fc.69
    • c
    • Sygnatura
    • Fc.35
    • d
    • Lokalizacja
    • BNS Biblioteka Humanistyczna i Nauk Społecznych
    • i
    • Nr tomu wydaw.cg
    • 37 (1983)
    • p
    • Kod kreskowy
    • 2003300000693
    • y
    • Status udostępniania
    • Tylko na miejscu
952 -Egzemplarz [ , ]
    • a
    • Numer inwentarzowy
    • F.15219
    • c
    • Sygnatura
    • Fc.35
    • d
    • Lokalizacja
    • BNS Biblioteka Humanistyczna i Nauk Społecznych
    • i
    • Nr tomu wydaw.cg
    • 38 (1982)
    • p
    • Kod kreskowy
    • 2002500152195
    • y
    • Status udostępniania
    • Tylko na miejscu
952 -Egzemplarz [ , ]
    • a
    • Numer inwentarzowy
    • Fc.728
    • c
    • Sygnatura
    • Fc.35
    • d
    • Lokalizacja
    • BNS Biblioteka Humanistyczna i Nauk Społecznych
    • i
    • Nr tomu wydaw.cg
    • 39 (1984)
    • p
    • Kod kreskowy
    • 2003300007289
    • y
    • Status udostępniania
    • Tylko na miejscu
952 -Egzemplarz [ , ]
    • a
    • Numer inwentarzowy
    • Fc.734
    • c
    • Sygnatura
    • Fc.35
    • d
    • Lokalizacja
    • BNS Biblioteka Humanistyczna i Nauk Społecznych
    • i
    • Nr tomu wydaw.cg
    • 42 (1984)
    • p
    • Kod kreskowy
    • 2003300007340
    • y
    • Status udostępniania
    • Tylko na miejscu
952 -Egzemplarz [ , ]
    • a
    • Numer inwentarzowy
    • Fc.1537
    • c
    • Sygnatura
    • Fc.35
    • d
    • Lokalizacja
    • BNS Biblioteka Humanistyczna i Nauk Społecznych
    • i
    • Nr tomu wydaw.cg
    • 46 (1988)
    • p
    • Kod kreskowy
    • 2003300015376
    • y
    • Status udostępniania
    • Tylko na miejscu
952 -Egzemplarz [ , ]
    • a
    • Numer inwentarzowy
    • Fc.946
    • c
    • Sygnatura
    • Fc.35
    • d
    • Lokalizacja
    • BNS Biblioteka Humanistyczna i Nauk Społecznych
    • i
    • Nr tomu wydaw.cg
    • 48 (1986)
    • p
    • Kod kreskowy
    • 2003300009467
    • y
    • Status udostępniania
    • Tylko na miejscu
952 -Egzemplarz [ , ]
    • a
    • Numer inwentarzowy
    • Cg.18092
    • c
    • Sygnatura
    • Cg.59 (p.202)
    • d
    • Lokalizacja
    • BG Dział Udostępniania Biblioteka Główna
    • i
    • Nr tomu wydaw.cg
    • 51 (1986)
    • p
    • Kod kreskowy
    • 2003000180923
    • r
    • Cena
    • 0.00
    • v
    • Data wprowadzenia opisu
    • 2017-03-24
    • y
    • Status udostępniania
    • Tylko na miejscu
952 -Egzemplarz [ , ]
    • a
    • Numer inwentarzowy
    • Fc.1201
    • d
    • Lokalizacja
    • BNS Biblioteka Humanistyczna i Nauk Społecznych
    • i
    • Nr tomu wydaw.cg
    • 51 (1986)
    • p
    • Kod kreskowy
    • 2003300012016
    • r
    • Cena
    • 0.00
    • v
    • Data wprowadzenia opisu
    • 2019-03-19
    • y
    • Status udostępniania
    • Tylko na miejscu
952 -Egzemplarz [ , ]
    • a
    • Numer inwentarzowy
    • W.133994
    • c
    • Sygnatura
    • W.16969
    • d
    • Lokalizacja
    • BG Dział Udostępniania Biblioteka Główna
    • e
    • Akcesja
    • 00
    • i
    • Nr tomu wydaw.cg
    • 49 (1985)
    • n
    • Powiązanie z serią
    • 69
    • p
    • Kod kreskowy
    • 2000101339946
    • r
    • Cena
    • 0.00
    • v
    • Data wprowadzenia opisu
    • 2016-10-11
    • y
    • Status udostępniania
    • miesięczne
952 -Egzemplarz [ , ]
    • a
    • Numer inwentarzowy
    • Fc.915
    • c
    • Sygnatura
    • Fc.35
    • d
    • Lokalizacja
    • BNS Biblioteka Humanistyczna i Nauk Społecznych
    • e
    • Akcesja
    • 00
    • i
    • Nr tomu wydaw.cg
    • 49 (1985)
    • n
    • Powiązanie z serią
    • 40
    • p
    • Kod kreskowy
    • 2003300009153
    • r
    • Cena
    • 0.00
    • v
    • Data wprowadzenia opisu
    • 2016-10-11
    • y
    • Status udostępniania
    • Tylko na miejscu
952 -Egzemplarz [ , ]
    • a
    • Numer inwentarzowy
    • Hc.6648
    • c
    • Sygnatura
    • Fc.35
    • d
    • Lokalizacja
    • BNS Biblioteka Humanistyczna i Nauk Społecznych
    • e
    • Akcesja
    • 11i6/14
    • i
    • Nr tomu wydaw.cg
    • 49 (1985)
    • p
    • Kod kreskowy
    • 2003500066482
    • r
    • Cena
    • 8.00
    • v
    • Data wprowadzenia opisu
    • 2011-09-26
    • w
    • Data inwentaryzacji
    • 2016-10-12
    • y
    • Status udostępniania
    • miesięczne
    • z
    • Sposób nabycia
    • inne zwarte
952 -Egzemplarz [ , ]
    • n
    • Powiązanie z serią
    • 68
    • c
    • Sygnatura
    • W.16969
    • r
    • Cena
    • 0.0
    • f
    • Status książki wypożyczonej
    • i
    • Nr tomu wydaw.cg
    • 49
    • a
    • Numer inwentarzowy
    • W.133993
    • w
    • Data inwentaryzacji
    • 1999-01-27
    • y
    • Status udostępniania
    • Niedostępne
    • p
    • Kod kreskowy
    • 2000101339939
    • d
    • Lokalizacja
    • BG Dział Udostępniania Biblioteka Główna
    • g
    • Ubytek
    • 348/2011 - 2011-03-01
952 -Egzemplarz [ , ]
    • a
    • Numer inwentarzowy
    • Fc.1074
    • c
    • Sygnatura
    • Fc.35
    • d
    • Lokalizacja
    • BNS Biblioteka Humanistyczna i Nauk Społecznych
    • i
    • Nr tomu wydaw.cg
    • 54 (1986)
    • n
    • Powiązanie z serią
    • 43
    • p
    • Kod kreskowy
    • 2003300010746
    • r
    • Cena
    • 0.0
    • w
    • Data inwentaryzacji
    • 1999-01-27
    • y
    • Status udostępniania
    • Tylko na miejscu
952 -Egzemplarz [ , ]
    • a
    • Numer inwentarzowy
    • Cg.19115
    • c
    • Sygnatura
    • Cg.59 (p.202)
    • d
    • Lokalizacja
    • BG Dział Udostępniania Biblioteka Główna
    • i
    • Nr tomu wydaw.cg
    • 53 (1987)
    • p
    • Kod kreskowy
    • 2003000191158
    • r
    • Cena
    • 0.00
    • w
    • Data inwentaryzacji
    • 1999-01-27
    • y
    • Status udostępniania
    • Tylko na miejscu
952 -Egzemplarz [ , ]
    • a
    • Numer inwentarzowy
    • Fc.1313
    • c
    • Sygnatura
    • Fc.35
    • d
    • Lokalizacja
    • BNS Biblioteka Humanistyczna i Nauk Społecznych
    • i
    • Nr tomu wydaw.cg
    • 53 (1987)
    • p
    • Kod kreskowy
    • 2003300013136
    • r
    • Cena
    • 0.00
    • w
    • Data inwentaryzacji
    • 1999-01-27
    • y
    • Status udostępniania
    • Tylko na miejscu
952 -Egzemplarz [ , ]
    • a
    • Numer inwentarzowy
    • W.119252
    • d
    • Lokalizacja
    • BG Dział Udostępniania Biblioteka Główna
    • i
    • Nr tomu wydaw.cg
    • 47 (1983)
    • n
    • Powiązanie z serią
    • 65
    • p
    • Kod kreskowy
    • 2000101192527
    • r
    • Cena
    • 0.0
    • w
    • Data inwentaryzacji
    • 1999-01-27
    • y
    • Status udostępniania
    • miesięczne
952 -Egzemplarz [ , ]
    • a
    • Numer inwentarzowy
    • W.119253
    • d
    • Lokalizacja
    • BG Dział Udostępniania Biblioteka Główna
    • i
    • Nr tomu wydaw.cg
    • 47 (1983)
    • n
    • Powiązanie z serią
    • 66
    • p
    • Kod kreskowy
    • 2000101192534
    • r
    • Cena
    • 0.0
    • w
    • Data inwentaryzacji
    • 1999-01-27
    • y
    • Status udostępniania
    • miesięczne
952 -Egzemplarz [ , ]
    • a
    • Numer inwentarzowy
    • Cg.13111
    • c
    • Sygnatura
    • Cg.59 (p.202)
    • d
    • Lokalizacja
    • BG Dział Udostępniania Biblioteka Główna
    • i
    • Nr tomu wydaw.cg
    • 47 (1983)
    • n
    • Powiązanie z serią
    • 26
    • p
    • Kod kreskowy
    • 2003000131116
    • r
    • Cena
    • 0.0
    • w
    • Data inwentaryzacji
    • 1999-01-27
    • y
    • Status udostępniania
    • Tylko na miejscu
952 -Egzemplarz [ , ]
    • a
    • Numer inwentarzowy
    • Fc.93
    • c
    • Sygnatura
    • Fc.35
    • d
    • Lokalizacja
    • BNS Biblioteka Humanistyczna i Nauk Społecznych
    • i
    • Nr tomu wydaw.cg
    • 47 (1983)
    • n
    • Powiązanie z serią
    • 38
    • p
    • Kod kreskowy
    • 2003300000938
    • r
    • Cena
    • 0.0
    • w
    • Data inwentaryzacji
    • 1999-01-27
    • y
    • Status udostępniania
    • Tylko na miejscu
952 -Egzemplarz [ , ]
    • a
    • Numer inwentarzowy
    • Cg.15291
    • c
    • Sygnatura
    • Cg.59 (p.202)
    • d
    • Lokalizacja
    • BG Dział Udostępniania Biblioteka Główna
    • i
    • Nr tomu wydaw.cg
    • 41 (1985)
    • n
    • Powiązanie z serią
    • 23
    • p
    • Kod kreskowy
    • 2003000152913
    • r
    • Cena
    • 0.0
    • w
    • Data inwentaryzacji
    • 1999-01-27
    • y
    • Status udostępniania
    • Tylko na miejscu
952 -Egzemplarz [ , ]
    • a
    • Numer inwentarzowy
    • W.117704
    • d
    • Lokalizacja
    • BG Dział Udostępniania Biblioteka Główna
    • i
    • Nr tomu wydaw.cg
    • 40 (1984)
    • n
    • Powiązanie z serią
    • 63
    • p
    • Kod kreskowy
    • 2000101177043
    • r
    • Cena
    • 0.0
    • w
    • Data inwentaryzacji
    • 1999-01-27
    • y
    • Status udostępniania
    • miesięczne
952 -Egzemplarz [ , ]
    • a
    • Numer inwentarzowy
    • Cg.14016
    • c
    • Sygnatura
    • Cg.59 (p.202)
    • d
    • Lokalizacja
    • BG Dział Udostępniania Biblioteka Główna
    • i
    • Nr tomu wydaw.cg
    • 40 (1984)
    • n
    • Powiązanie z serią
    • 22
    • p
    • Kod kreskowy
    • 2003000140163
    • r
    • Cena
    • 0.0
    • w
    • Data inwentaryzacji
    • 1999-01-27
    • y
    • Status udostępniania
    • Tylko na miejscu
952 -Egzemplarz [ , ]
    • a
    • Numer inwentarzowy
    • Fc.91
    • c
    • Sygnatura
    • Fc.35
    • d
    • Lokalizacja
    • BNS Biblioteka Humanistyczna i Nauk Społecznych
    • i
    • Nr tomu wydaw.cg
    • 40 (1984)
    • n
    • Powiązanie z serią
    • 35
    • p
    • Kod kreskowy
    • 2003300000914
    • r
    • Cena
    • 0.0
    • w
    • Data inwentaryzacji
    • 1999-01-27
    • y
    • Status udostępniania
    • Tylko na miejscu
952 -Egzemplarz [ , ]
    • a
    • Numer inwentarzowy
    • Pc.653
    • c
    • Sygnatura
    • Pc.653
    • d
    • Lokalizacja
    • BM Biblioteka Międzywydziałowa
    • n
    • Powiązanie z serią
    • 46
    • p
    • Kod kreskowy
    • 2003900006538
    • r
    • Cena
    • 0.0
    • v
    • Data wprowadzenia opisu
    • 2018-11-28
    • w
    • Data inwentaryzacji
    • 1999-01-27
    • y
    • Status udostępniania
    • Niedostępne
    • g
    • Ubytek
    • 2/2019 - 2019-05-07
952 -Egzemplarz [ , ]
    • a
    • Numer inwentarzowy
    • F.15221
    • c
    • Sygnatura
    • Fc.35
    • d
    • Lokalizacja
    • BNS Biblioteka Humanistyczna i Nauk Społecznych
    • i
    • Nr tomu wydaw.cg
    • 32 (1981)
    • p
    • Kod kreskowy
    • 2002500152218
    • y
    • Status udostępniania
    • Tylko na miejscu
952 -Egzemplarz [ , ]
    • a
    • Numer inwentarzowy
    • Cg.11162
    • c
    • Sygnatura
    • Cg.59 (p.202)
    • d
    • Lokalizacja
    • BG Dział Udostępniania Biblioteka Główna
    • i
    • Nr tomu wydaw.cg
    • 32 (1981)
    • p
    • Kod kreskowy
    • 2003000111620
    • r
    • Cena
    • 0.0
    • w
    • Data inwentaryzacji
    • 1999-01-27
    • y
    • Status udostępniania
    • Tylko na miejscu
952 -Egzemplarz [ , ]
    • a
    • Numer inwentarzowy
    • Cg.11159
    • c
    • Sygnatura
    • Cg.59 (p.202)
    • d
    • Lokalizacja
    • BG Dział Udostępniania Biblioteka Główna
    • i
    • Nr tomu wydaw.cg
    • 33 (1981)
    • n
    • Powiązanie z serią
    • 19
    • p
    • Kod kreskowy
    • 2003000111590
    • r
    • Cena
    • 0.0
    • w
    • Data inwentaryzacji
    • 1999-01-27
    • y
    • Status udostępniania
    • Tylko na miejscu
952 -Egzemplarz [ , ]
    • a
    • Numer inwentarzowy
    • Cg.11160
    • c
    • Sygnatura
    • Cg.59 (p.202)
    • d
    • Lokalizacja
    • BG Dział Udostępniania Biblioteka Główna
    • i
    • Nr tomu wydaw.cg
    • 28 (1981)
    • n
    • Powiązanie z serią
    • 16
    • p
    • Kod kreskowy
    • 2003000111606
    • r
    • Cena
    • 0.0
    • w
    • Data inwentaryzacji
    • 1999-01-27
    • y
    • Status udostępniania
    • Tylko na miejscu
952 -Egzemplarz [ , ]
    • a
    • Numer inwentarzowy
    • F.15222
    • c
    • Sygnatura
    • Fc.35
    • d
    • Lokalizacja
    • BNS Biblioteka Humanistyczna i Nauk Społecznych
    • i
    • Nr tomu wydaw.cg
    • 28 (1981)
    • p
    • Kod kreskowy
    • 2002500152225
    • y
    • Status udostępniania
    • Tylko na miejscu
952 -Egzemplarz [ , ]
    • a
    • Numer inwentarzowy
    • Cg.10073
    • c
    • Sygnatura
    • Cg.59 (p.202)
    • d
    • Lokalizacja
    • BG Dział Udostępniania Biblioteka Główna
    • i
    • Nr tomu wydaw.cg
    • 27 (1980)
    • n
    • Powiązanie z serią
    • 15
    • p
    • Kod kreskowy
    • 2003000100730
    • r
    • Cena
    • 0.0
    • w
    • Data inwentaryzacji
    • 1999-01-27
    • y
    • Status udostępniania
    • Tylko na miejscu
952 -Egzemplarz [ , ]
    • a
    • Numer inwentarzowy
    • F.13119
    • c
    • Sygnatura
    • Fc.35
    • d
    • Lokalizacja
    • BNS Biblioteka Humanistyczna i Nauk Społecznych
    • i
    • Nr tomu wydaw.cg
    • 27 (1980)
    • p
    • Kod kreskowy
    • 2002500131190
    • y
    • Status udostępniania
    • Tylko na miejscu
952 -Egzemplarz [ , ]
    • a
    • Numer inwentarzowy
    • W.87039
    • d
    • Lokalizacja
    • BG Dział Udostępniania Biblioteka Główna
    • i
    • Nr tomu wydaw.cg
    • 26 (1979)
    • n
    • Powiązanie z serią
    • 59
    • p
    • Kod kreskowy
    • 2000100870396
    • r
    • Cena
    • 0.0
    • w
    • Data inwentaryzacji
    • 1999-01-27
    • y
    • Status udostępniania
    • miesięczne
952 -Egzemplarz [ , ]
    • a
    • Numer inwentarzowy
    • Cg.7591
    • c
    • Sygnatura
    • Cg.59 (p.202)
    • d
    • Lokalizacja
    • BG Dział Udostępniania Biblioteka Główna
    • i
    • Nr tomu wydaw.cg
    • 26 (1979)
    • n
    • Powiązanie z serią
    • 14
    • p
    • Kod kreskowy
    • 2003000075915
    • r
    • Cena
    • 0.0
    • w
    • Data inwentaryzacji
    • 1999-01-27
    • y
    • Status udostępniania
    • Tylko na miejscu
952 -Egzemplarz [ , ]
    • n
    • Powiązanie z serią
    • 58
    • c
    • Sygnatura
    • W.16969
    • r
    • Cena
    • 0.0
    • f
    • Status książki wypożyczonej
    • i
    • Nr tomu wydaw.cg
    • 26
    • a
    • Numer inwentarzowy
    • W.87038
    • w
    • Data inwentaryzacji
    • 1999-01-27
    • y
    • Status udostępniania
    • Niedostępne
    • p
    • Kod kreskowy
    • 2000100870389
    • d
    • Lokalizacja
    • BG Dział Udostępniania Biblioteka Główna
    • g
    • Ubytek
    • 344/2011 - 2011-03-01
952 -Egzemplarz [ , ]
    • a
    • Numer inwentarzowy
    • F.11508
    • c
    • Sygnatura
    • Fc.35
    • d
    • Lokalizacja
    • BNS Biblioteka Humanistyczna i Nauk Społecznych
    • i
    • Nr tomu wydaw.cg
    • 26 (1979)
    • p
    • Kod kreskowy
    • 2002500115084
    • y
    • Status udostępniania
    • Tylko na miejscu
952 -Egzemplarz [ , ]
    • a
    • Numer inwentarzowy
    • Cg.7893
    • c
    • Sygnatura
    • Cg.59 (p.202)
    • d
    • Lokalizacja
    • BG Dział Udostępniania Biblioteka Główna
    • i
    • Nr tomu wydaw.cg
    • 24 (1980)
    • n
    • Powiązanie z serią
    • 13
    • p
    • Kod kreskowy
    • 2003000078930
    • r
    • Cena
    • 0.0
    • w
    • Data inwentaryzacji
    • 1999-01-27
    • y
    • Status udostępniania
    • Tylko na miejscu
952 -Egzemplarz [ , ]
    • a
    • Numer inwentarzowy
    • F.11503
    • c
    • Sygnatura
    • Fc.35
    • d
    • Lokalizacja
    • BNS Biblioteka Humanistyczna i Nauk Społecznych
    • i
    • Nr tomu wydaw.cg
    • 24 (1980)
    • p
    • Kod kreskowy
    • 2002500115039
    • y
    • Status udostępniania
    • Tylko na miejscu
952 -Egzemplarz [ , ]
    • a
    • Numer inwentarzowy
    • Cg.6195
    • c
    • Sygnatura
    • Cg.59 (p.202)
    • d
    • Lokalizacja
    • BG Dział Udostępniania Biblioteka Główna
    • i
    • Nr tomu wydaw.cg
    • 21 (1977)
    • n
    • Powiązanie z serią
    • 10
    • p
    • Kod kreskowy
    • 2003000061956
    • r
    • Cena
    • 0.0
    • w
    • Data inwentaryzacji
    • 1999-01-27
    • y
    • Status udostępniania
    • Tylko na miejscu
952 -Egzemplarz [ , ]
    • n
    • Powiązanie z serią
    • 53
    • c
    • Sygnatura
    • W.16969
    • r
    • Cena
    • 0.0
    • f
    • Status książki wypożyczonej
    • i
    • Nr tomu wydaw.cg
    • 21
    • a
    • Numer inwentarzowy
    • W.69253
    • w
    • Data inwentaryzacji
    • 1999-01-27
    • y
    • Status udostępniania
    • Niedostępne
    • p
    • Kod kreskowy
    • 2000100692530
    • d
    • Lokalizacja
    • BG Dział Udostępniania Biblioteka Główna
    • g
    • Ubytek
    • 344/2011 - 2011-03-01
952 -Egzemplarz [ , ]
    • n
    • Powiązanie z serią
    • 54
    • c
    • Sygnatura
    • W.16969
    • r
    • Cena
    • 0.0
    • f
    • Status książki wypożyczonej
    • i
    • Nr tomu wydaw.cg
    • 21
    • a
    • Numer inwentarzowy
    • W.70059
    • w
    • Data inwentaryzacji
    • 1999-01-27
    • y
    • Status udostępniania
    • Niedostępne
    • p
    • Kod kreskowy
    • 2000100700594
    • d
    • Lokalizacja
    • BG Dział Udostępniania Biblioteka Główna
    • g
    • Ubytek
    • 342/2011 - 2011-02-24
952 -Egzemplarz [ , ]
    • n
    • Powiązanie z serią
    • 55
    • c
    • Sygnatura
    • W.16969
    • r
    • Cena
    • 0.0
    • f
    • Status książki wypożyczonej
    • i
    • Nr tomu wydaw.cg
    • 21
    • a
    • Numer inwentarzowy
    • W.70060
    • w
    • Data inwentaryzacji
    • 1999-01-27
    • y
    • Status udostępniania
    • Niedostępne
    • p
    • Kod kreskowy
    • 2000100700600
    • d
    • Lokalizacja
    • BG Dział Udostępniania Biblioteka Główna
    • g
    • Ubytek
    • 342/2011 - 2011-02-24
952 -Egzemplarz [ , ]
    • a
    • Numer inwentarzowy
    • F.6144
    • c
    • Sygnatura
    • Fc.35
    • d
    • Lokalizacja
    • BNS Biblioteka Humanistyczna i Nauk Społecznych
    • i
    • Nr tomu wydaw.cg
    • 21 (1977)
    • p
    • Kod kreskowy
    • 2002500061442
    • y
    • Status udostępniania
    • Tylko na miejscu
952 -Egzemplarz [ , ]
    • a
    • Numer inwentarzowy
    • Cg.4698
    • c
    • Sygnatura
    • Cg.59 (p.202)
    • d
    • Lokalizacja
    • BG Dział Udostępniania Biblioteka Główna
    • i
    • Nr tomu wydaw.cg
    • 19 (1977)
    • n
    • Powiązanie z serią
    • 9
    • p
    • Kod kreskowy
    • 2003000046984
    • r
    • Cena
    • 0.0
    • w
    • Data inwentaryzacji
    • 1999-01-27
    • y
    • Status udostępniania
    • Tylko na miejscu
952 -Egzemplarz [ , ]
    • a
    • Numer inwentarzowy
    • F.4310
    • c
    • Sygnatura
    • Fc.35
    • d
    • Lokalizacja
    • BNS Biblioteka Humanistyczna i Nauk Społecznych
    • i
    • Nr tomu wydaw.cg
    • 19 (1977)
    • p
    • Kod kreskowy
    • 2002500043103
    • y
    • Status udostępniania
    • Tylko na miejscu
952 -Egzemplarz [ , ]
    • a
    • Numer inwentarzowy
    • W.196870
    • d
    • Lokalizacja
    • BG Dział Udostępniania Biblioteka Główna
    • e
    • Akcesja
    • 98i102/10
    • i
    • Nr tomu wydaw.cg
    • 50 (1988)
    • n
    • Powiązanie z serią
    • 70
    • p
    • Kod kreskowy
    • 2000101968702
    • r
    • Cena
    • 5.0
    • w
    • Data inwentaryzacji
    • 1999-01-27
    • y
    • Status udostępniania
    • miesięczne
    • z
    • Sposób nabycia
    • inne zwarte
952 -Egzemplarz [ , ]
    • a
    • Numer inwentarzowy
    • Cg.19227
    • c
    • Sygnatura
    • Cg.59 (p.202)
    • d
    • Lokalizacja
    • BG Dział Udostępniania Biblioteka Główna
    • e
    • Akcesja
    • 98i102/10
    • i
    • Nr tomu wydaw.cg
    • 50 (1988)
    • n
    • Powiązanie z serią
    • 28
    • p
    • Kod kreskowy
    • 2003000192278
    • r
    • Cena
    • 5.0
    • w
    • Data inwentaryzacji
    • 1998-12-10
    • y
    • Status udostępniania
    • Tylko na miejscu
    • z
    • Sposób nabycia
    • inne zwarte
952 -Egzemplarz [ , ]
    • a
    • Numer inwentarzowy
    • Fc.1531
    • c
    • Sygnatura
    • Fc.35
    • d
    • Lokalizacja
    • BNS Biblioteka Humanistyczna i Nauk Społecznych
    • e
    • Akcesja
    • 98i102/10
    • i
    • Nr tomu wydaw.cg
    • 50 (1988)
    • n
    • Powiązanie z serią
    • 41
    • p
    • Kod kreskowy
    • 2003300015314
    • r
    • Cena
    • 5.0
    • w
    • Data inwentaryzacji
    • 1999-01-27
    • y
    • Status udostępniania
    • Tylko na miejscu
    • z
    • Sposób nabycia
    • inne zwarte
952 -Egzemplarz [ , ]
    • a
    • Numer inwentarzowy
    • Fc.3056
    • c
    • Sygnatura
    • Fc.35
    • d
    • Lokalizacja
    • BNS Biblioteka Humanistyczna i Nauk Społecznych
    • e
    • Akcesja
    • 96k169/1
    • i
    • Nr tomu wydaw.cg
    • 70 (1992)
    • n
    • Powiązanie z serią
    • 45
    • p
    • Kod kreskowy
    • 2003300030560
    • r
    • Cena
    • 5.3
    • w
    • Data inwentaryzacji
    • 1999-01-27
    • y
    • Status udostępniania
    • Tylko na miejscu
    • z
    • Sposób nabycia
    • kupno zwarte
952 -Egzemplarz [ , ]
    • a
    • Numer inwentarzowy
    • Cg.6818
    • c
    • Sygnatura
    • Cg.59 (p.202)
    • d
    • Lokalizacja
    • BG Dział Udostępniania Biblioteka Główna
    • i
    • Nr tomu wydaw.cg
    • 22 (1977)
    • p
    • Kod kreskowy
    • 2003000068184
    • r
    • Cena
    • 0.00
    • v
    • Data wprowadzenia opisu
    • 2017-03-23
    • y
    • Status udostępniania
    • Tylko na miejscu
952 -Egzemplarz [ , ]
    • a
    • Numer inwentarzowy
    • W.75804
    • d
    • Lokalizacja
    • BG Dział Udostępniania Biblioteka Główna
    • i
    • Nr tomu wydaw.cg
    • 22 (1977)
    • p
    • Kod kreskowy
    • 2000100758045
    • r
    • Cena
    • 0.00
    • v
    • Data wprowadzenia opisu
    • 2017-03-23
    • y
    • Status udostępniania
    • miesięczne
952 -Egzemplarz [ , ]
    • a
    • Numer inwentarzowy
    • F.15138
    • c
    • Sygnatura
    • Fc.35
    • d
    • Lokalizacja
    • BNS Biblioteka Humanistyczna i Nauk Społecznych
    • i
    • Nr tomu wydaw.cg
    • 33 (1981)
    • p
    • Kod kreskowy
    • 2002500151389
    • r
    • Cena
    • 0.00
    • v
    • Data wprowadzenia opisu
    • 2025-01-30
    • y
    • Status udostępniania
    • Tylko na miejscu
952 -Egzemplarz [ , ]
    • a
    • Numer inwentarzowy
    • Cg.59
    • c
    • Sygnatura
    • Cg.59 (p.202)
    • d
    • Lokalizacja
    • BG Dział Udostępniania Biblioteka Główna
    • i
    • Nr tomu wydaw.cg
    • 6 (1970)
    • p
    • Kod kreskowy
    • 2003000000597
    • y
    • Status udostępniania
    • Tylko na miejscu
952 -Egzemplarz [ , ]
    • a
    • Numer inwentarzowy
    • Cg.139
    • c
    • Sygnatura
    • Cg.59 (p.202)
    • d
    • Lokalizacja
    • BG Dział Udostępniania Biblioteka Główna
    • i
    • Nr tomu wydaw.cg
    • 7 (1971)
    • p
    • Kod kreskowy
    • 2003000001396
    • y
    • Status udostępniania
    • Tylko na miejscu
952 -Egzemplarz [ , ]
    • a
    • Numer inwentarzowy
    • Cg.266
    • c
    • Sygnatura
    • Cg.59 (202)
    • d
    • Lokalizacja
    • BG Dział Udostępniania Biblioteka Główna
    • i
    • Nr tomu wydaw.cg
    • 9 (1971)
    • p
    • Kod kreskowy
    • 2003000002669
    • y
    • Status udostępniania
    • Tylko na miejscu
952 -Egzemplarz [ , ]
    • a
    • Numer inwentarzowy
    • Cg.737
    • c
    • Sygnatura
    • Cg.59 (p.202)
    • d
    • Lokalizacja
    • BG Dział Udostępniania Biblioteka Główna
    • i
    • Nr tomu wydaw.cg
    • 10 (1972)
    • p
    • Kod kreskowy
    • 2003000007374
    • y
    • Status udostępniania
    • Tylko na miejscu
952 -Egzemplarz [ , ]
    • a
    • Numer inwentarzowy
    • Cg.738
    • c
    • Sygnatura
    • Cg.59 (p.202)
    • d
    • Lokalizacja
    • BG Dział Udostępniania Biblioteka Główna
    • i
    • Nr tomu wydaw.cg
    • 11 (1973)
    • p
    • Kod kreskowy
    • 2003000007381
    • y
    • Status udostępniania
    • Tylko na miejscu
952 -Egzemplarz [ , ]
    • a
    • Numer inwentarzowy
    • Cg.930
    • c
    • Sygnatura
    • Cg.59 (p.202)
    • d
    • Lokalizacja
    • BG Dział Udostępniania Biblioteka Główna
    • i
    • Nr tomu wydaw.cg
    • 13 (1973)
    • p
    • Kod kreskowy
    • 2003000009309
    • y
    • Status udostępniania
    • Tylko na miejscu
952 -Egzemplarz [ , ]
    • a
    • Numer inwentarzowy
    • Cg.11161
    • c
    • Sygnatura
    • Cg.59 (p.202)
    • d
    • Lokalizacja
    • BG Dział Udostępniania Biblioteka Główna
    • i
    • Nr tomu wydaw.cg
    • 16 (1981)
    • p
    • Kod kreskowy
    • 2003000111613
    • y
    • Status udostępniania
    • Tylko na miejscu
952 -Egzemplarz [ , ]
    • a
    • Numer inwentarzowy
    • Cg.4739
    • c
    • Sygnatura
    • Cg.59 (p.202)
    • d
    • Lokalizacja
    • BG Dział Udostępniania Biblioteka Główna
    • i
    • Nr tomu wydaw.cg
    • 17 (1977)
    • p
    • Kod kreskowy
    • 2003000047394
    • y
    • Status udostępniania
    • Tylko na miejscu
952 -Egzemplarz [ , ]
    • a
    • Numer inwentarzowy
    • Cg.7235
    • c
    • Sygnatura
    • Cg.59 (p.202)
    • d
    • Lokalizacja
    • BG Dział Udostępniania Biblioteka Główna
    • i
    • Nr tomu wydaw.cg
    • 23 (1978)
    • p
    • Kod kreskowy
    • 2003000072358
    • y
    • Status udostępniania
    • Tylko na miejscu
952 -Egzemplarz [ , ]
    • a
    • Numer inwentarzowy
    • Cg.13101
    • c
    • Sygnatura
    • Cg.59 (p.202)
    • d
    • Lokalizacja
    • BG Dział Udostępniania Biblioteka Główna
    • i
    • Nr tomu wydaw.cg
    • 37 (1983)
    • p
    • Kod kreskowy
    • 2003000131017
    • y
    • Status udostępniania
    • Tylko na miejscu
952 -Egzemplarz [ , ]
    • a
    • Numer inwentarzowy
    • Cg.14245
    • c
    • Sygnatura
    • Cg.59 (p.202)
    • d
    • Lokalizacja
    • BG Dział Udostępniania Biblioteka Główna
    • i
    • Nr tomu wydaw.cg
    • 39 (1984)
    • p
    • Kod kreskowy
    • 2003000142457
    • y
    • Status udostępniania
    • Tylko na miejscu
952 -Egzemplarz [ , ]
    • a
    • Numer inwentarzowy
    • Cg.14131
    • c
    • Sygnatura
    • Cg.59 (p.202)
    • d
    • Lokalizacja
    • BG Dział Udostępniania Biblioteka Główna
    • i
    • Nr tomu wydaw.cg
    • 42 (1984)
    • p
    • Kod kreskowy
    • 2003000141313
    • y
    • Status udostępniania
    • Tylko na miejscu
952 -Egzemplarz [ , ]
    • a
    • Numer inwentarzowy
    • Cg.19209
    • c
    • Sygnatura
    • Cg.59 (p.202)
    • d
    • Lokalizacja
    • BG Dział Udostępniania Biblioteka Główna
    • i
    • Nr tomu wydaw.cg
    • 46 (1988)
    • p
    • Kod kreskowy
    • 2003000192094
    • y
    • Status udostępniania
    • Tylko na miejscu
952 -Egzemplarz [ , ]
    • a
    • Numer inwentarzowy
    • Cg.16683
    • c
    • Sygnatura
    • Cg.59 (p.202)
    • d
    • Lokalizacja
    • BG Dział Udostępniania Biblioteka Główna
    • i
    • Nr tomu wydaw.cg
    • 48 (1986)
    • p
    • Kod kreskowy
    • 2003000166835
    • y
    • Status udostępniania
    • Tylko na miejscu
952 -Egzemplarz [ , ]
    • a
    • Numer inwentarzowy
    • Cg.17827
    • c
    • Sygnatura
    • Cg.59 (p.202)
    • d
    • Lokalizacja
    • BG Dział Udostępniania Biblioteka Główna
    • i
    • Nr tomu wydaw.cg
    • 54 (1986)
    • n
    • Powiązanie z serią
    • 30
    • p
    • Kod kreskowy
    • 2003000178272
    • r
    • Cena
    • 0.0
    • w
    • Data inwentaryzacji
    • 1999-01-27
    • y
    • Status udostępniania
    • Tylko na miejscu
Uwagi dla czytelnika
Prawo natury i umowa społeczna w filozofii przedsokratejskiej
Prawo natury i umowa społeczna w filozofii przedsokratejskiej
Antysubiektocentryczna idea praktyki
Antysubiektocentryczna idea praktyki
Antysubiektocentryczna idea praktyki
Amerykańska psychoanaliza kulturowa
Światopogląd młodzieży akademickiej
Światopogląd młodzieży akademickiej
Filozoficzne założenia Lukácsa teorii wiedzy
Filozoficzne założenia Lukácsa teorii wiedzy
Filozoficzne założenia Lukácsa teorii wiedzy
Filozoficzne założenia Lukácsa teorii wiedzy
Wokół Przedmowy do "Fenomenologii Ducha" G. W. F. Hegla
Późnorenesansowy arystotelizm włoski
Późnorenesansowy arystotelizm włoski
Późnorenesansowy arystotelizm włoski
Ideologia postheglizmu
Ideologia postheglizmu
W renesansowym regnum hominis
Filozofia Svetozara Markovicia (1846-1875)
Filozofia Svetozara Markovicia (1846-1875)
Filozofia Tomasza Campanelli (1568 - 1639)
Filozofia Tomasza Campanelli (1568 - 1639)
Poznanie i krytyka
Poznanie i krytyka
Poznanie i krytyka
Antropologia filozoficzna a marksizm
Antropologia filozoficzna a marksizm
Filozofia w ZSRR
Filozofia w ZSRR
Filozofia marksistowska w krajach Europy Zachodniej
Filozofia marksistowska w krajach Europy Zachodniej
Szkice z dziejów filozofii niemieckiej
Szkice z dziejów filozofii niemieckiej
Szkice z dziejów filozofii niemieckiej
Filozofia nauki francuskiego konwencjonalizmu
Filozofia Althussera
Filozofia Althussera
W renesansowym regnum hominis
Amerykańska psychoanaliza kulturowa